De quels pays ces billets viennent-ils ? - Statistiques

Statistiques générales
  • Ce quiz a été pris 155 fois
  • Le résultat moyen est 9 sur 15
Statistiques - réponses
Par images Réponse % Correct
France
99%
Guinée
94%
Italie
92%
Zimbabwe
91%
Hong Kong
90%
Equateur
83%
Turquie
68%
Allemagne
67%
Thailande
61%
Mongolie
49%
Tadjikistan
24%
Angola
22%
Algérie
14%
Brunei
2%
Transnistrie
2%
Aucun quiz correspondant
Distribution des résultats
% des personnes avec chaque résultat
Percentile par nombre de réponses
Votre historique - résultats
Vous n’avez pas pris ce quiz